| 000 | 00519nam a2200181Ia 4500 | ||
|---|---|---|---|
| 001 | 20704 | ||
| 005 | 20260306172825.0 | ||
| 008 | 260306t2020||||xx |||||||||||||| ||spa|| | ||
| 041 | _aESP | ||
| 082 |
_a343.7 _bD84 |
||
| 100 |
_aDivisión de Estudios Jurídicos de Gaceta Jurídica _eAUT |
||
| 245 | 0 | _a400 criterios jurisprudenciales contencioso administrativos que todo abogado debe conocer | |
| 260 | _c2020 | ||
| 300 |
_a254 páginas : _c25 cm. |
||
| 650 | _aGEN | ||
| 654 | _aCDE | ||
| 942 |
_cLIB _dJUS _fJUS _2ddc _n |
||
| 999 |
_c20704 _d20704 |
||